000 01108cam a2200265 a 4500
001 4861
003 BD-RjUL
005 20211208233952.0
008 131223s1963 enk 000 0deng d
035 _a(BD-RjUL) 4896
040 _aDLC
_cDLC
_dDLC
_d(BD-RjUL)
_beng
041 _aeng
082 0 4 _bKHM
100 1 _aKhosla, G. D.
_q(Gopal Das),
_d1901-
_915330
245 1 4 _aThe murder of the Mahatma, and other cases from a judge's note-book /
_cby G.D. Khosla ; with a foreword by Lord Evershed.
260 _aLondon :
_bChatto & Windus,
_c1963.
300 _axii, 245 p. ;
_c23 cm.
505 0 _aA hanging and a case of arson -- First information report -- A case of poisoning -- New wine and old bottles -- The evidence against Pavinder Kaur -- Imperfect alibi -- Change of identity -- Patterns of murder -- The Mukerian dacoity -- The crime of Nathuram Godse.
600 1 0 _aGandhi,
_cMahatma,
_d1869-1948
_xAssassination.
_915331
650 0 _aTrials
_zIndia.
_915332
650 0 _aJustice, Administration of
_zIndia.
_915333
942 _2ddc
_cBK
999 _c4861
_d4861